Noms d'animaux en anglais - Statistiques

Statistiques générales
  • Ce quiz a été pris 69 fois
    5 depuis la dernière actualisation
  • Le résultat moyen est 130 sur 571
Statistiques - réponses
animal traduction % Correct
chien dog
100%
chiot puppy
100%
alligator alligator
75%
anaconda anaconda
75%
fourmi ant
75%
ara ara | macaw
75%
axolotl axolotl
75%
chauve-souris bat
75%
ours bear
75%
abeille bee
75%
bison bison
75%
ours noir black bear
75%
baleine bleue blue whale
75%
boa boa
75%
bonobo bonobo
75%
ours brun brown bear
75%
papillon butterfly
75%
caïman caiman | cayman
75%
chameau camel
75%
chat cat
75%
poisson chat catfish
75%
poussin chick
75%
poulet chicken
75%
chinchilla chinchilla
75%
poisson clown clown fish
75%
cobra cobra
75%
vache cow
75%
coyote coyote
75%
crabe crab
75%
crocodile crocodile
75%
dingo dingo
75%
dauphin dolphin
75%
âne donkey | ass
75%
canard duck
75%
aigle eagle
75%
éléphant elephant
75%
poisson fish
75%
mouche fly
75%
renard fox
75%
grenouille frog
75%
gecko gecko
75%
gibbon gibbon
75%
girafe giraffe
75%
chèvre goat
75%
poisson rouge goldfish
75%
gorille gorilla
75%
grand requin blanc great white shark | white shark | white pointer
75%
cochon d’inde guinea pig
75%
hamster hamster
75%
hippopotame hippopotamus
75%
cheval horse
75%
hyène hyena
75%
jaguar jaguar
75%
méduse jellyfish | sea jelly
75%
chaton kitten
75%
kiwi kiwi
75%
koala koala
75%
léopard leopard
75%
lion lion
75%
homard lobster
75%
lynx lynx | bobcat
75%
mandrill mandrill
75%
singe monkey
75%
souris mouse
75%
okapi okapi | forest griaffe | zebra giraffe
75%
orque orca | killer whale
75%
panda panda
75%
panthère panther
75%
perroquet parrot
75%
poisson perroquet parrotfish
75%
cochon pig | swine
75%
piranha piranha
75%
poney pony
75%
puma puma | cougar | mountain lion
75%
python python
75%
quokka quokka
75%
lapin rabbit
75%
raton laveur racoon
75%
rat rat
75%
panda roux red panda
75%
rhinocéros rhinoceros
75%
saumon salmon
75%
scorpion scorpion
75%
hippocampe seahorse
75%
serval serval
75%
requin shark
75%
mouton sheep
75%
escargot snail
75%
serpent snake | serpent
75%
araignée spider
75%
écureuil squirrel
75%
etoile de mer starfish | sea star
75%
tigre tiger
75%
thon tuna
75%
tortue turtle
75%
vipère viper
75%
wallaby wallaby
75%
baleine whale
75%
requin baleine whale shark
75%
loup wolf
75%
wombat wombat
75%
yack yak
75%
zèbre zebra
75%
zébu zebu
75%
dragon bleu blue sea dragon | sea swallow | blue angel | blue glaucus | dragon slug | blue dragon | blue sea slug | blue ocean slug
50%
taureau bull
50%
veau calf
50%
capybara capybara
50%
caracal caracal
50%
carpe carp
50%
cafard cockroach | roach
50%
condor condor
50%
corail coral
50%
cerf deer
50%
dhole dhole
50%
ver de terre earthworm
50%
wapiti elk | wapiti
50%
espadon espadon | broadbill
50%
furet ferret
50%
fossa fossa
50%
gavial gharial | gavial
50%
marmotte groundhog | marmot
50%
mouette gull | seagull
50%
hérisson hedgehog
50%
ibis ibis
50%
iguane iguana
50%
araignée sauteuse jumping spider
50%
kangourou kangaroo
50%
coccinelle ladybird | ladybug
50%
léopard de mer leopard seal | sea leopard
50%
lézard lizard
50%
manul manul
50%
markhor markhor
50%
suricate meerkat | suricate
50%
taupe mole
50%
moustique mosquito
50%
naja naja
50%
ocelot ocelot
50%
pieuvre | poulpe octopus
50%
oryx oryx
50%
autruche ostrich
50%
loutre otter
50%
chouette | hibou owl
50%
pangolin pangolin | scaly anteater
50%
manchot penguin
50%
porcelet piglet
50%
pika pika
50%
ours blanc polar bear
50%
corbeau raven
50%
raie ray
50%
saïga saiga
50%
salamandre salamander
50%
phoque seal
50%
lion de mer sea lion
50%
cochon de mer sea pig
50%
crevette shrimp | prawn
50%
paresseux sloth
50%
sole sole
50%
éponge sponge
50%
springbok springbok | springbuck
50%
calamard squid
50%
poisson chirurgien surgeonfish | tang
50%
tapir tapir
50%
crapaud toad
50%
toucan toucan
50%
dinde turkey
50%
guêpe wasp
50%
alpaga alpaca
25%
aye-aye aye-aye
25%
babouin baboon
25%
castor beaver
25%
punaise de lit bed bug
25%
chienne bitch
25%
buffle buffalo
25%
bourdon bumblebee
25%
canari canary
25%
ours des cavernes cave bear
25%
cameleon chameleon | chamaeleon
25%
chamois chamois
25%
chimpanzé chimpanzee
25%
grillon cricket
25%
corneille crow
25%
onagre onager | hemione | wild ass
25%
libellule dragonfly
25%
caneton duckling
25%
dugong dugong
25%
anguille eel
25%
éléphant de mer elephant seal | sea elephant
25%
émeu emu
25%
faucon falkon | hawk
25%
faon fawn
25%
puce flea
25%
anguille de jardin garden eel
25%
gaur gaur
25%
gazelle gazelle
25%
oie goose
25%
criquet grasshoper | cricket
25%
guanaco guanaco
25%
lièvre hare
25%
hydre hydra
25%
chacal jackal
25%
dragon de komodo Komodo dragon | Komodo monitor
25%
agneau lamb
25%
lama llama
25%
mammouth mammoth
25%
mastodonte mastodon
25%
megalania megalania
25%
moa moa
25%
élan moose
25%
mule mule
25%
nautile nautilus
25%
opossum oposum | possum
25%
huitre oyster
25%
pélican pelican
25%
pigeon pigeon
25%
porc-épic porcupine
25%
chien de prairie prairie dog
25%
quetzal quetzal
25%
ratel ratel | honey badger
25%
nandou reah | ñandu
25%
licorne asiatique saola | asian unicorn | spindelhorn
25%
dragon de mer feuillu seadragon
25%
pycnogonon sea spider
25%
poisson d'argent silverfish
25%
moufette skunk
25%
ours lippu sloth bear
25%
smilodon smilodon | saber-toothed tiger
25%
tortue alligator snapping turtle
25%
moineau sparrow
25%
étalon stallion
25%
poisson-pierre stonefish
25%
ours malais sun bear
25%
cygne swan
25%
takin takin | cattle chamois | gnu goat
25%
tamandua tamandua
25%
thylacine tasmanian tiger | tasmanian wolf | thylacine
25%
lion marsupial thylacoleo | marsupial lion
25%
tique tick
25%
tortue terrestre tortoise
25%
trilobite trilobite
25%
vaquita vaquita
25%
vautour vulture
25%
phacochère warthog
25%
oryctérope du cap aardvark
0%
lycaon african wild dog | painted wolf
0%
albatros albatross
0%
sialis alderfly
0%
dauphin rose de l'Amazone Amazon river dolphine | boto | bufeo | pink river dolphin
0%
anchois anchovy
0%
baudroie anglerfish | monkfish
0%
watusi ankole-watusi
0%
tamanoir anteater
0%
antilope antelope
0%
fourmilion antlion
0%
fourmigril ant-loving cricket | ant cricket
0%
guenon apess
0%
tatou armadillo
0%
réduve assassin bug
0%
auroch aurochs
0%
tortue à dos plat Australian flatback sea turtle
0%
babiroussa babirusa | deer-pig
0%
notonecte backswimmer
0%
blaireau badger
0%
pygargue à tête blanche bald eagle
0%
péramèle bandicoot
0%
poisson revenant barreleye fish
0%
lézard Jesus-Christ basilisk | Jesus Christ lizard | Jesus lizard | South American Jesus lizard | lagarto de Jesus Cristo
0%
requin pelerin basking shark
0%
bar bass
0%
gypaète barbue bearded vulture | lamergeier | ossifrage
0%
scarabé beetle
0%
araponga bellbird
0%
béluga beluga whale | white whale
0%
bouc billy-goat
0%
merle blackbird
0%
merlebleu bluebird
0%
porpite blue button
0%
fou à pied bleu blue-footed booby
0%
marcassin boarlet
0%
sanglier boar | wild swine | wild pig
0%
poisson coffre boxfish | cofferfish | cowfish | trunkfish
0%
mascarin de maurice broad-billed parrot | raven parrot
0%
bouvreuil bullfinch | finch
0%
potamochère du cap bushpig
0%
outarde bustard
0%
buse buzzard
0%
grand tétras capercaillie
0%
coracine capuchinbird | umbrellabird | fruitcrow
0%
casoar cassowary
0%
chenille caterpillar
0%
scolopendre centipede
0%
millepatte centipede | millipede
0%
guépard cheetah
0%
salamandre géante de chine chinese giant salamander
0%
cigale cicada
0%
civette civet
0%
palourde clam
0%
coati coati | coatimundi
0%
calopsitte cockatiel
0%
cacatoès cockatoo
0%
hanneton cockchafer | maybeetle | doodlebug
0%
crabe de cocotier coconut crab | robber crab | palm thief
0%
morue cod
0%
cormoran cormorant | shag
0%
vacher cowbird
0%
grue crane
0%
cousin crane fly
0%
coucou cuckoo
0%
couscous cuscus
0%
seiche cuttlefish
0%
demoiselle damselfly
0%
wombat géant diprotodon
0%
loup sinistre dire wolf
0%
dytique diving beetle | water beetle
0%
corydale dobsonfly
0%
loir dormouse
0%
dromadaire dromedary | one-humped camel
0%
bousier dung beetle
0%
grand-duc eagle owl
0%
ormeau ear shell | sea ear | muttonfish | muttonshell | ormer | perlemoen | pāua | abalone
0%
perce oreille earwig
0%
échidné echidna | spiny anteater
0%
aigrette egret
0%
éland eland
0%
licorne de siberie elasmotherium | Siberian unicorn
0%
oiseau éléphant elephant bird
0%
brebis ewe
0%
daim fallow deer
0%
fausse orque false killer whale
0%
fennec fennec fox
0%
mulot field mouse
0%
gendarme firebug
0%
luciole firefly
0%
chauliode fishfly
0%
flamant rose flamingo
0%
cardeau flounder
0%
exocet flying fish | flying cod
0%
phalanger volant flying phalanger | wrist-winged glider
0%
polatouche flying squirrel
0%
poulain foal
0%
drosophile fruit fly | wine fly | pomace fly | vinegar fly
0%
gambas gamba shrimp | gamba prawn | deep-sea shrimp
0%
jars gander
0%
symphile garden centipede | pseudocentipede
0%
genette genet
0%
gerbille gerbil | jirds | sand rat
0%
megatherium giant ground sloth | megatherium
0%
gigantopitheque gigantopithecus
0%
monstre de gila Gila monster
0%
charançon girafe giraffe weevil
0%
lampyre glow-worm
0%
requin-lutin goblin shark
0%
oison gosling
0%
sauterelle grasshoper
0%
couleuvre grass snake
0%
grand pingouin great auk | garefowl
0%
grand koudou greater kudu
0%
puceron green fly | black fly
0%
tortue verte Green sea turtle
0%
xérus ground squirrel
0%
pintade guineafowl
0%
goéland gull
0%
mixine hagfish
0%
requin marteau hammerhead shark
0%
ombrette africaine hammerkop
0%
harpie féroce harpy eagle
0%
busard harrier
0%
faucheuse harvestman | harvester | harvest spider | daddy longleg
0%
rat des champs harvest mouse
0%
tortue imbriquée Hawksbill sea turtle
0%
cane | poule hen
0%
bernard l’hermite hermite crab
0%
héron heron
0%
biche hind
0%
calao hornbill
0%
frelon hornet
0%
thaon horsefly
0%
limule horseshoe crab
0%
scutigère véloce house centipede
0%
colibri hummingbird
0%
baleine a bosse humpback whale
0%
araignée chasseuse des forêts huntsman spider
0%
daman hyrax | dassie
0%
bouquetin ibex
0%
guenuche/guenaud infant
0%
megaloceros irish elk
0%
jaguarondi jaguarundi
0%
geai jay
0%
gerboise jerboa
0%
kakapo kākāpō
0%
Moho de Kauai Kauaʻi ʻōʻō | ʻōʻōʻāʻā
0%
tortue de Kemp Kemp's ridley sea turtle | atlantic ridley sea turtle
0%
chevreau kid
0%
martin pêcheur kingfisher
0%
roitelet kinglet
0%
milan kite
0%
krill krill
0%
chrysope lacewing
0%
lamprois lamprey
0%
alouette lark
0%
martin-chasseur géant laughing kookaburra
0%
tortue luth leatherback sea turtle | lute turtle | leathery turtle
0%
sangsue leech
0%
tamia lemming
0%
tortue caouanne Loggerhead sea turtle
0%
moyen-duc long-eared owl | lesser horned owl | cat owl
0%
plongeon loon
0%
loriquet lorikeet
0%
lori lory
0%
pou louse
0%
lompe lumpsucker | lumpfish
0%
oiseau lyre lyrebird
0%
macaque macaque
0%
pie magpie
0%
lamantin manatee | sea cow
0%
loup à crinière maned wolf
0%
crevette mante mantis shrimp
0%
marabout marabou stork
0%
jument mare
0%
taupe marsupiale marsupial mole
0%
martre marten
0%
ephémère mayfly | shadfly
0%
sturnelle meadowlark
0%
moucheron midge | gnat | knat
0%
vison mink
0%
courtilliere mole cricket
0%
mangouste mongoose
0%
varan monitor lizard
0%
poule d’eau moorhen | waterhen
0%
murène moray eel
0%
papillon de nuit moth
0%
coliou mousebird
0%
bœuf musqué muskox
0%
rat musqué muskrat
0%
moule mussle
0%
rat taupe nu naked mole-rat | sand puppy
0%
clione naked sea butterfly | sae angel | clione
0%
narval narwhal
0%
planipenne net-winged insect
0%
triton newt
0%
rossignol nightingale
0%
engoulevent nightjar | bugeater
0%
ragondin nutria | coypu
0%
tortue olivâtre olive ridley sea turtle | pacific ridley sea turtle
0%
protée anguillard olm
0%
orang-outan orangutan
0%
balbuzard osprey
0%
otarie otary | eared seal
0%
ascalaphe owlfly
0%
bœuf ox
0%
perruche parakeet
0%
satrique perroquet parakeet auklet
0%
pigeon migrateur passenger pigeon | wild pigeon
0%
mara patagonian mara | patagonian cavy | patagonian hare
0%
paon peacock | peafowl
0%
faucon pèlerin peregrine falcon | peregrine
0%
faisan pheasant
0%
brochet pike
0%
sardine pilchard
0%
planaire planarian
0%
cicadelle planthopper | leafhopper
0%
ornithorynque platypus
0%
requin fantôme pointy-nosed blue chimaera | pointy-nosed blue ratfish | Ray Troll's chimaera | abyssal ghostshark
0%
putois polecat
0%
marsouin porpoise
0%
galere portuguaise Portuguese man o' war | man-of-war | bluebottle
0%
doryphore potato beetle | ten-striped spearman
0%
ibijau potoo
0%
mante religieuse praying mantis
0%
nasique proboscis monkey | long-nosed monkey
0%
lagopède ptarmigan
0%
poisson-globe pufferfish | balloonfish | blowfish | blower | blowie | bubblefish | globefish | swellfish | toadfish | toady | botete | toadle | honey toad | sugar toad | sea squab
0%
macareux moine puffin
0%
quagga quagga
0%
caille quail
0%
dasyure quoll
0%
chien viverrin racoon dog
0%
bélier ram | tup
0%
serpent à sonnette rattlesnake | rattler
0%
petit pingouin razorbill
0%
couteau razor shell
0%
piquebœuf à bec rouge red-billed oxpecker
0%
potamochère roux red river hog
0%
rouge queue noir redstart
0%
renne reindeer | caribou
0%
maki catta ring-tailed lemur
0%
géocoucou roadrunner
0%
rouge-gorge robin
0%
ligie rock louse | sea slater
0%
chevreuil roe deer
0%
coq rooster | fowl
0%
zibeline sable
0%
voilier sailfish
0%
mouche de la saint-marc saint Mark's fly | hawthorn fly
0%
oursin biscuit sand dollar | sea cookie | snapper biscuit | pansy shell
0%
crocodile d'Aoulef sarcosuchus
0%
petoncle scallop
0%
rascasse volante scorpion fish
0%
panorpe scorpion-fly
0%
piauhau hurleur screaming piha
0%
petit-duc screech owl | scops owl
0%
anémone sea anemone
0%
papillon de mer sea butterfly
0%
holothurie sea cucumber
0%
lys de mer sea lily | feather star
0%
vélelle sea raft | by-the-wind sailor | purple sail | little sail
0%
euryptéride sea scorpion
0%
messager sagittaire secretary bird
0%
punaise shield bug | stink bug
0%
bec-en-sabot du nil shoebill
0%
ours à face courte short-faced bear
0%
musaraigne shrew
0%
limace slug
0%
raphidioptère snakefly
0%
crevette-pistolet snapping shrimp | pistol shrimp | alpheid shrimp
0%
harfang snowy owl | arctic owl | white owl | polar owl
0%
rhinopithèque snub-nosed monkey
0%
laie | truie sow
0%
épervier sparrowhawk
0%
cachalot sperm whale
0%
araignée de mer spider crab
0%
spatule spoonbill
0%
lucane stag beetle
0%
étourneau starling
0%
taupe à nez étoilé star-nosed mole
0%
rythine de Steller Steller's sea cow
0%
phasme stickbug
0%
hermine stoat | ermine
0%
mouche de pierre stonefly
0%
cigogne stork
0%
esturgeon sturgeon
0%
poisson lune sunfish
0%
hirondelle swallow | martin | saw-wing
0%
guèpe faucon-tarentule tarantula hawk | spider wasp
0%
tardigrade tardigrade | water bear | moss piglet
0%
tarsier tarsier
0%
diable de Tasmanie Tasmanian devil
0%
thermite termite
0%
sterne tern
0%
oiseau-terreur terror bird
0%
diable cornu thorny devil | mountain devil | thorny lizard | thorny dragon | moloch
0%
mésange tit | titmouse
0%
dendrolague tree-kangaroo
0%
truite trout
0%
oursin urchin
0%
vampire des abysses vampire squid
0%
varroa varroa mite
0%
péripate velvet worm | peripatus
0%
vigogne vicuña | vicuna
0%
campagnol vole
0%
morse walrus
0%
gerris water strider | water skeeter | water scooter | water bug | pond skater | water skipper | water skimmer | water glider | puddle fly
0%
belette weasle
0%
uraète wedge-tail eagle | eaglehawk
0%
bulot whelk
0%
amblipyge whip-spider | tailless whip-scorpion
0%
rhinoceros laineux whooly rhinoceros
0%
gnou wildbeest | gnu
0%
glouton wolverine
0%
bécasse woodcock
0%
cloporte woodlouse
0%
pivert woodpecker
0%
pioui wood-pewee
0%
labre wrasse
0%
troglodyte wren
0%
piquebœuf à bec jaune yellow-billed oxpecker
0%
hamster-taupe zokor
0%
Aucun quiz correspondant
Distribution des résultats
% des personnes avec chaque résultat
Percentile par nombre de réponses
Votre historique - résultats
Vous n’avez pas pris ce quiz depuis la dernière actualisation